000 00503nam a2200181Ia 4500
005 20250508162021.0
008 008 250505s9999 xx 000 0 eng d
037 _aTextual
040 _aFEDL
_beng
_cFEDL
041 _aeng
_2eng
084 _a630, DUN
_qFEDL
100 _aDunman Jack
_9283949
245 0 _aAgriculture : Capitalist and socialist
260 _aLondon, UK
_bLawrence and Wishart Ltd.
_c1975
300 _a256p.
942 _cTEXL
_h630, DUN
999 _c1373850
_d1373850